LEADER 03377nam 22007092 450 001 9910457557603321 005 20151005020622.0 010 $a1-107-15909-1 010 $a1-280-75029-4 010 $a9786610750290 010 $a0-511-26936-6 010 $a0-511-26992-7 010 $a0-511-26835-1 010 $a0-511-32050-7 010 $a0-511-53576-7 010 $a0-511-26902-1 035 $a(CKB)1000000000353753 035 $a(EBL)288449 035 $a(OCoLC)123526878 035 $a(SSID)ssj0000109124 035 $a(PQKBManifestationID)11140318 035 $a(PQKBTitleCode)TC0000109124 035 $a(PQKBWorkID)10067912 035 $a(PQKB)11068519 035 $a(UkCbUP)CR9780511535765 035 $a(MiAaPQ)EBC288449 035 $a(Au-PeEL)EBL288449 035 $a(CaPaEBR)ebr10160691 035 $a(CaONFJC)MIL75029 035 $a(EXLCZ)991000000000353753 100 $a20090429d2007|||| uy| 0 101 0 $aeng 135 $aur||||||||||| 181 $ctxt$2rdacontent 182 $cc$2rdamedia 183 $acr$2rdacarrier 200 10$aBasics of the solar wind /$fNicole Meyer-Vernet$b[electronic resource] 210 1$aCambridge :$cCambridge University Press,$d2007. 215 $a1 online resource (xiv, 463 pages) $cdigital, PDF file(s) 225 1 $aCambridge atmospheric and space science series 300 $aTitle from publisher's bibliographic system (viewed on 05 Oct 2015). 311 $a1-107-40745-1 311 $a0-521-81420-0 320 $aIncludes bibliographical references and index. 327 $aThe wind from the sun : introduction -- Tool kit for space plasma physics -- Anatomy of the sun -- The outer solar atmosphere -- How does the solar wind blow? -- Structure and perturbations -- Bodies in the wind : dust, asteroids, planets and comets -- The solar wind in the universe. 330 $aThe Sun continually ejects matter into space, blowing a huge bubble of supersonic plasma. This solar wind bathes the whole solar system and shapes all planetary environments. The growth of space technology has considerably increased our knowledge of this medium. This 2007 book presents an introduction to the subject, starting with basic principles and including all the latest advances from space exploration and theory. It contains a short introduction to plasma physics and discusses the structure of the solar interior and atmosphere, the production of solar wind and its perturbations. It explains the objects of the Solar System, from dust to comets and planets, and their interaction with the solar wind. The final sections explore the astrophysical point of view. The topics are treated at various levels of difficulty both qualitatively and quantitatively. This book will appeal to graduate students and researchers in earth and atmospheric sciences, and astrophysics. 410 0$aCambridge atmospheric and space science series. 606 $aSolar wind 606 $aCircumstellar matter 606 $aSpace plasmas 607 $aSun 615 0$aSolar wind. 615 0$aCircumstellar matter. 615 0$aSpace plasmas. 676 $a523.580151 700 $aMeyer-Vernet$b Nicole$01046766 801 0$bUkCbUP 801 1$bUkCbUP 906 $aBOOK 912 $a9910457557603321 996 $aBasics of the solar wind$92473929 997 $aUNINA LEADER 02327oam 2200601 450 001 9910705194203321 005 20140605133748.0 035 $a(CKB)5470000002447410 035 $a(OCoLC)869946349 035 $a(EXLCZ)995470000002447410 100 $a20140206d2014 ua 0 101 0 $aeng 135 $aurbn||||m|||| 181 $ctxt$2rdacontent 182 $cc$2rdamedia 183 $acr$2rdacarrier 200 10$aInnovation in America$h(Part I and II) $ehearings before the Subcommittee on Courts, Intellectual Property, and the Internet of the Committee on the Judiciary, House of Representatives, One Hundred Thirteenth Congress, first session, July 25 and August 1, 2013 210 1$aWashington :$cU.S. Government Printing Office,$d2014. 215 $a1 online resource (iv, 218 pages) $cillustrations 300 $aTitle from title screen (viewed on Feb. 6, 2014). 300 $aPaper version available for sale by the Superintendent of Documents, United States Government Printing Office. 300 $a"Serial no. 113-47." 320 $aIncludes bibliographical references. 327 $apart I. The role of copyrights -- part II. The role of technology. 517 $aInnovation in America 606 $aCopyright$zUnited States 606 $aCopyright, International 606 $aCopyright$xEconomic aspects$zUnited States 606 $aPiracy (Copyright)$xEconomic aspects$zUnited States 606 $aFair use (Copyright)$zUnited States 606 $aCopyright infringement$zUnited States 606 $aCopyright$xMusic$zUnited States 606 $aDigital rights management 606 $aCopyright and electronic data processing$zUnited States 608 $aLegislative hearings.$2lcgft 615 0$aCopyright 615 0$aCopyright, International. 615 0$aCopyright$xEconomic aspects 615 0$aPiracy (Copyright)$xEconomic aspects 615 0$aFair use (Copyright) 615 0$aCopyright infringement 615 0$aCopyright$xMusic 615 0$aDigital rights management. 615 0$aCopyright and electronic data processing 801 0$bGPO 801 1$bGPO 801 2$bGPO 801 2$bCOO 801 2$bGPO 906 $aBOOK 912 $a9910705194203321 996 $aInnovation in America$93499646 997 $aUNINA LEADER 05164nam 2200517 450 001 9910814832203321 005 20220522120320.0 010 $a3-8498-1342-8 035 $a(CKB)4100000009763893 035 $a(Au-PeEL)EBL6269043 035 $a(OCoLC)1181847630 035 $a5d77ae79-cfcc-4697-bd2a-798cb0dd2d03 035 $a(MiAaPQ)EBC6269043 035 $a(EXLCZ)994100000009763893 100 $a20220522d2019 uy 0 101 0 $ager 135 $aurcnu|||||||| 181 $ctxt$2rdacontent 182 $cc$2rdamedia 183 $acr$2rdacarrier 200 00$aChristof Hamann $eGehen, Stolpern, Schreiben /$fAndreas Erb (Hg.) 205 $a1st ed. 210 1$aBielefeld :$cAisthesis Verlag,$d[2019] 210 4$d©2019 215 $a1 online resource (260 pages) 300 $aPublicationDate: 20190301 311 $a3-8498-1341-X 327 $aFrontcover -- Titel -- Impressum -- Vorbemerkung -- Inhalt -- Andreas Erb: Bruchstu?cke -- Christof Hamann: Gehen : Notieren -- Christof Hamann: Stolpern : Bla?ttern -- Christof Hamann: Abschreiten : Abschreiben -- Susanne Catrein: Ortskunde -- Alexander Honold: Wie Schreiben ,geht' -- Rolf Parr: Schreib-Bewegungen bei Christof Hamann -- Thomas Ku?pper: Bla?ttern und Zapping als Mo?glichkeiten des ziellosen Gleitens -- Christoph Cox: Von der Kunst, in Toreinga?ngen zu verschwinden -- Ansgar Mohnkern: Straucheln und Stolpern -- Daniela Hahn: Stolpern und Staunen -- Filippo Smerilli: Konkurrenz zwischen Zorn und Abscheu -- Das Stocken u?berwinden: E-Mail von Marcel Beyer -- Sammeln und adaptieren: E-Mail von Gunther Geltinger -- Dem Text auf die Schliche kommen: E-Mail von Felicitas Hoppe -- U?berschreiben: Text von Tom Schulz -- Auf der Suche nach dem Unselbsta?ndigen: Christof Hamann und Thomas Meinecke im Gespra?ch -- Jessica Ullrich: Kinder Gottes -- Johanna Oechsle: Volatilita?tstheorie -- Theresa Mu?ller: Baukasten -- Nicolas Pethes: Nicht zu halten -- Peter Riek: "Toteis -- Hermann Kinder: "Fester -- Stephanie Catani: "So ha?tte es gewesen sein ko?nnen." -- Andreas Erb: "Warszawa to nie prawda" -- Julia Scho?ll: Erza?hlen vom Ich: "Nur ein Schritt bis zu den Vo?geln -- Christopher Quadt: Werkverzeichnis Christof Hamann -- Beitra?gerinnen und Beitra?ger -- Backcover. 330 $aLong description: Vom 10. bis zum 13. Juli 2017 war Christof Hamann als Poet in Residence zu Gast an der Universität Duisburg-Essen. Die drei Vorlesungen, die er im Abstand von einem Jahr im Sommer 2018 überarbeitet hat, bilden den Kern des vorliegenden Bandes. Begleitet werden diese drei Vorlesungen erstens von kleinen Tiefenbohrungen zu Themen/Gegenständen der Vorträge: Christof Hamann fragt Marcel Beyer, Gunther Geltinger, Felicitas Hoppe, Tom Schulz und Thomas Meinecke nach ihrem Verhältnis zum Abschreiben, Ansgar Mohnkern und Daniela Hahn besehen sich das Stolpern bei Goethe und Beckett, Filippo Smerilli sucht es in einer Familiengeschichte; Christoph Cox und Thomas Küpper erweitern die Vorlesungen um Essays über Walter Benjamin bzw. über das Zappen als andere Form des Blätterns. Zweitens liegen sieben Essays vor, die das Romanwerk von Hamann untersuchen, überblicksweise (Alexander Honold und Rolf Parr) und exemplarisch (Nicolas Pethes, Hermann Kinder, Stephani Catani, Andreas Erb und Julia Schöll). Susanne Catrein legt eine imaginäre Kartographie der Romanwelten von Hamann vor, Peter Riek zeigt eine Installationsarbeit, die stark von Der Reiter und der Bodensee und Seegfrörne beatmet wurde. Drei Arbeitsproben aus der Schreibwerkstatt (Von der Notiz zum Text) von Jessica Ullrich, Johann Oechsle und Theresa Müller ergänzen den Band ebenso wie eine umfängliche Bibliografie von Christopher Quadt rund um Hamanns literarisches Arbeiten. 330 $aLong description: Gehen, Stolpern, Schreiben Die Vorlesungen stellen einen Zusammenhang her zwischen dem Er-Schreiben von Welt und Formen willensschwacher Fortbewegung in ihr. Dabei entsprechen Gehen, Stolpern und Zaudern drei unterschiedlichen Modi des Schriftverkehrs mit Landschafts- und Stadt-, ebenso wie mit Innenräumen ? kein fließender, sondern eher ein umständlicher, stockender, von Unfällen gezeichneter. So gilt mein Interesse weniger dem zielgerichteten als vielmehr dem ziellosen, dem sich verlierenden oder zumindest dem sich Umwege leistenden und gerade deshalb artistischen Gehen und ihm korrespondierenden Denk- und Schreibformen. Es gilt unerwarteten Stolpersteinen, die Gehenden und Schreibenden einen kleinen, wenngleich energischen Schock versetzen. Und es gilt einer Haltung des Zauderns, die durch Unentschlossenheit, Grübeln, Erstarren Zonen produktiver Unbestimmtheit eröffnet. 606 $aAutorschaft 606 $aPoet in Residence 606 $aZaudern 615 00$aAutorschaft 615 00$aPoet in Residence 615 00$aZaudern 676 $a833.92 700 $aHamann$b Christof$4aut$01676744 702 $aErb$b Andreas$f1958- 801 0$bMiAaPQ 801 1$bMiAaPQ 801 2$bMiAaPQ 906 $aBOOK 912 $a9910814832203321 996 $aChristof Hamann$94043137 997 $aUNINA